| 000 | 01026nam a2200289 a 4500 | ||
|---|---|---|---|
| 001 | 000024535 | ||
| 003 | OSt | ||
| 005 | 20201009113829.0 | ||
| 008 | 110830d2009 dr a 000 0 spa d | ||
| 040 |
_aDO-SdBNP _bspa _cBNPHU |
||
| 082 |
_axxx _bxxxx |
||
| 245 | 0 | 0 |
_aAprendizaje activo con la televisión y el video : _bnivel inicial y nivel básico / _cautoría Dinorah de Lima, Danilda Pérez, José Enrique Trinidad, Luis Soto, Gilda de la Rosa, Juana Rodríguez ; ilustración Romel cuevas |
| 260 |
_aSanto Domingo : _bSecretaria de Estado de Educación, _c2009. |
||
| 300 |
_a37 p. ; _c28 cm. |
||
| 490 | 1 | _aPim aprende ; | |
| 590 | _aInventariado, 2020/ YL | ||
| 700 | 1 | 2 |
_aLima, Dinorah de _950281 |
| 700 | 1 | 2 |
_aPérez, Danilda _973778 |
| 700 | 1 | 2 |
_aTrinidad, José Enrique _976785 |
| 700 | 1 | 2 |
_aSoto, Luis _976786 |
| 700 | 1 | 2 |
_aRosa, Gilda de la _976828 |
| 700 | 1 | 2 |
_aRodríguez, Juana _976829 |
| 700 | 1 | 2 |
_aCuevas, Romel _eil. _976787 |
| 830 | 0 |
_aPim aprende _950282 |
|
| 910 | _aEn proceso | ||
| 942 |
_2ddc _cLF1 |
||
| 999 |
_c48856 _d48856 |
||